Prehľad peňažných tokov (Statement of Cash Flows)

Pri zostavovaní prehľadu peňažných tokov na podklade údajov účtovníctva musí podnikateľská účtovná jednotka vychádzať z opatrenia o účtovnej závierke. Charakteristika základných pojmov v súlade s citovaným opatrením.

Gespeichert in:
Bibliographische Detailangaben
1. Verfasser: Šlosárová, Anna
Format: Buchkapitel
Sprache:Slowakisch
Schlagworte:
Tags: Tag hinzufügen
Keine Tags, Fügen Sie das erste Tag hinzu!

MARC

LEADER 00000naa a2200000 4500
001 0117781
005 20240502072321.8
041 0 |a slo 
044 |a SK 
245 1 0 |a Prehľad peňažných tokov (Statement of Cash Flows)  |c Anna Šlosárová 
520 |a Pri zostavovaní prehľadu peňažných tokov na podklade údajov účtovníctva musí podnikateľská účtovná jednotka vychádzať z opatrenia o účtovnej závierke. Charakteristika základných pojmov v súlade s citovaným opatrením. 
610 2 0 |a účtovníctvo podvojné 
610 2 0 |a cash flow 
610 2 0 |a závierka účtovná 
610 2 0 |a pojmy 
100 1 |a Šlosárová, Anna